000 00286nam a22001337a 4500
008 170907b xxu||||| |||| 00| 0 eng d
020 _a9780736278232
041 _aeng
080 _a91
100 _a42
101 _aGJEO
245 _aPHYSICAL SCIENCE
_cBUTLER,M.B
942 _2udc
_cBK
999 _c26643
_d26643